Sugamānvayā vṛtti, (Record no. 76849)

MARC details
000 -LEADER
fixed length control field 01238cam a22002891 4500
001 - CONTROL NUMBER
control field sa 67007905
003 - CONTROL NUMBER IDENTIFIER
control field DLC
005 - DATE AND TIME OF LATEST TRANSACTION
control field 20260227112419.0
008 - FIXED-LENGTH DATA ELEMENTS--GENERAL INFORMATION
fixed length control field 791109s1965 ii b 000 0 san
010 ## - LIBRARY OF CONGRESS CONTROL NUMBER
LC control number sa 67007905
025 ## - OVERSEAS ACQUISITION NUMBER
Overseas acquisition number PL480:I-San-1166
035 ## - SYSTEM CONTROL NUMBER
System control number (OCoLC)5671559
040 ## - CATALOGING SOURCE
Original cataloging agency DLC
Transcribing agency NIC
Modifying agency OCoLC
-- DLC
042 ## - AUTHENTICATION CODE
Authentication code premarc
050 00 - LIBRARY OF CONGRESS CALL NUMBER
Classification number PK3796.M7
Item number S9 1965
100 0# - MAIN ENTRY--PERSONAL NAME
Personal name Sumativijaya,
Titles and words associated with a name Muni,
Dates associated with a name active 17th century.
245 10 - TITLE STATEMENT
Title Sugamānvayā vṛtti,
Remainder of title a late commentary in Jaina Sanskrit on Kālidāsa's Meghadūta,
Statement of responsibility, etc. by the Jaina Muni Sumativijaya. Critically edited with an introd. and explanatory and critical notes, by Walter Harding Maurer.
250 ## - EDITION STATEMENT
Edition statement [1st ed.]
260 ## - PUBLICATION, DISTRIBUTION, ETC.
Place of publication, distribution, etc. Poona,
Name of publisher, distributor, etc. Deccan College Postgraduate and Research Institute,
Date of publication, distribution, etc. 1965.
300 ## - PHYSICAL DESCRIPTION
Extent 2 v. in 1.
Dimensions 22 cm.
490 1# - SERIES STATEMENT
Series statement Deccan College building centenary and silver jubilee series,
Volume/sequential designation 5
500 ## - GENERAL NOTE
General note "Submitted to the University of Pennsylvania in August 1962 as part of the requirements for the degree of Ph. D."
504 ## - BIBLIOGRAPHY, ETC. NOTE
Bibliography, etc. note Bibliography: v. 2, p. [237]-242.
600 00 - SUBJECT ADDED ENTRY--PERSONAL NAME
Personal name Kālidāsa.
Title of a work Meghadūta.
700 1# - ADDED ENTRY--PERSONAL NAME
Personal name Maurer, Walter Harding,
Dates associated with a name 1921-2007.
830 #0 - SERIES ADDED ENTRY--UNIFORM TITLE
Uniform title Deccan College building centenary and silver jubilee series ;
Volume/sequential designation 5.

No items available.

Powered by Koha